Ciencias naturales (Record no. 13601)

MARC details
000 -LEADER
campo de control de longitud fija 01304nam a2200433 a 4500
003 - IDENTIFICADOR DE NÚMERO DE CONTROL
campo de control AR-BaBNM
005 - FECHA Y HORA DE LA ÚLTIMA TRANSACCIÓN
campo de control 20251128210002.0
008 - DATOS DE LONGITUD FIJA--INFORMACIÓN GENERAL
campo de control de longitud fija 082120s2002 ||||||||||||||000 | spa||
040 ## - FUENTE DE CATALOGACIÓN
Centro/agencia transcriptor AR-BaBNM
110 1# - ENTRADA PRINCIPAL--NOMBRE DE ENTIDAD CORPORATIVA
Nombre de entidad corporativa o nombre de jurisdicción como elemento de entrada Argentina
Unidad subordinada Ministerio de Cultura y Educación
245 00 - MENCIÓN DEL TÍTULO
Título Ciencias naturales
250 ## - MENCION DE EDICION
Mención de edición 1ª ed.
260 ## - PUBLICACIÓN, DISTRIBUCIÓN, ETC.
Lugar de publicación, distribución, etc. Buenos Aires
Nombre del editor, distribuidor, etc. Ministerio de Cultura y Educación de la Nación
Fecha de publicación, distribución, etc. 1996
300 ## - DESCRIPCIÓN FÍSICA
Extensión 419 p.
490 #0 - MENCIÓN DE SERIE
Mención de serie Fuentes para la transformación curricular
500 ## - NOTA GENERAL
Nota general Contiene referencias bibliográficas y nómina de especialistas consultados
650 #4 - PUNTO DE ACCESO ADICIONAL DE MATERIA--TÉRMINO DE MATERIA
Término de materia o nombre geográfico como elemento de entrada CURRICULO
650 #4 - PUNTO DE ACCESO ADICIONAL DE MATERIA--TÉRMINO DE MATERIA
Término de materia o nombre geográfico como elemento de entrada QUIMICA
650 #4 - PUNTO DE ACCESO ADICIONAL DE MATERIA--TÉRMINO DE MATERIA
Término de materia o nombre geográfico como elemento de entrada BIOLOGIA
650 #4 - PUNTO DE ACCESO ADICIONAL DE MATERIA--TÉRMINO DE MATERIA
Término de materia o nombre geográfico como elemento de entrada FISICA
650 #4 - PUNTO DE ACCESO ADICIONAL DE MATERIA--TÉRMINO DE MATERIA
Término de materia o nombre geográfico como elemento de entrada FORMACION DE DOCENTES
651 #4 - PUNTO DE ACCESO ADICIONAL DE MATERIA--NOMBRE GEOGRÁFICO
Nombre geográfico Argentina
653 ## - TÉRMINO DE INDIZACIÓN--NO CONTROLADO
Término no controlado ENSEÑANZA DE LAS CIENCIAS NATURALES
653 ## - TÉRMINO DE INDIZACIÓN--NO CONTROLADO
Término no controlado CONTENIDOS BASICOS COMUNES
653 ## - TÉRMINO DE INDIZACIÓN--NO CONTROLADO
Término no controlado CONTENIDOS CURRICULARES
653 ## - TÉRMINO DE INDIZACIÓN--NO CONTROLADO
Término no controlado EDUCACION GENERAL BASICA
653 ## - TÉRMINO DE INDIZACIÓN--NO CONTROLADO
Término no controlado EDUCACION POLIMODAL
700 1# - ENTRADA AGREGADA--NOMBRE PERSONAL
Nombre de persona Aldabe Bilmes, Sara
700 1# - ENTRADA AGREGADA--NOMBRE PERSONAL
Nombre de persona Cabada, Marcelo
700 1# - ENTRADA AGREGADA--NOMBRE PERSONAL
Nombre de persona Della Védova, Carlos
700 1# - ENTRADA AGREGADA--NOMBRE PERSONAL
Nombre de persona Kornblihtt, Alberto
700 1# - ENTRADA AGREGADA--NOMBRE PERSONAL
Nombre de persona Lacreau, Héctor Luis
700 1# - ENTRADA AGREGADA--NOMBRE PERSONAL
Nombre de persona Marconi, Mario
700 1# - ENTRADA AGREGADA--NOMBRE PERSONAL
Nombre de persona Mulhall, Walter
700 1# - ENTRADA AGREGADA--NOMBRE PERSONAL
Nombre de persona Riccomi, Humberto
700 1# - ENTRADA AGREGADA--NOMBRE PERSONAL
Nombre de persona Decibe, Susana B.
Término indicativo de función/relación prologuista
942 ## - ELEMENTOS DE ENTRADA SECUNDARIOS (KOHA)
Tipo de ítem Koha Libros
998 ## - INFORMACIÓN DE CONTROL LOCAL (RLIN)
Iniciales del catalogador, CIN (RLIN) arturo
Holdings
Estatus retirado Estado de pérdida Fuente de la clasificación o esquema de estantería Estado de daño No para préstamo Biblioteca de origen Biblioteca actual Fecha de adquisición Total de préstamos Signatura topográfica completa Código de barras Visto por última vez Precio de reemplazo Tipo de ítem Koha
    Clasificación Decimal Dewey     Liberty Liberty 28/11/2025   371.214 FUEN 9 115537 28/11/2025 28/11/2025 Libros
    Clasificación Decimal Dewey     Liberty Liberty 28/11/2025   371.214 FUEN 9 125330 28/11/2025 28/11/2025 Libros